• 首页
  • 本馆介绍
  • 公告通知
  • 最新文献
  • 馆藏检索
  • 电子资源
  • 读者导购
  • 参考咨询
  • 我的图书馆
  • 登录
  • 详细信息显示
  • 放入我的书架
  • 预约/预借图书
  • 作者相关作品
  • 分类相关作品
  • 丛书相关作品
  • 出版社相关作品

书目信息

  • 表格格式
  • 工作单格式
  • 卡片格式
题名:
世界经济概论
    
 
作者: 徐松 主编
分册:  
出版信息: 北京   机械工业出版社  2007
页数: 365页
开本: 24cm
丛书名:
单 册:
中图分类: G112 , F112
科图分类:
主题词: 经济--概论--世界--高等学校--教材 , 经济 , 概论 , 经济--世界 , 国际经济关系
电子资源:
ISBN: 7-111-20481-6
000 00990nam0 2200313 450
000 00916nam0 2200277 450
000 00849nam0 2200253 450
000 00813nam0 2200241 45
005 20070522165948.25
010    @a7-111-20481-6@dCNY29.50
100    @a20070331d2007 em y0chiy0120 ea
101 0  @achi
102    @aCN@b110000
105    @ay z 000yy
200 1  @a世界经济概论@AShi Jie Jing Ji Gai Lun@f徐松主编@FXu Song Zhu Bian
210    @a北京@c机械工业出版社@d2007
215    @a365页@d24cm
300    @a“十一五”高等院校国际经济与贸易专业规划教材
330    @a本书对国际分工、国际贸易、国际金融、经济一体化和资本流动等进行了探讨,分析了国际经济中的经济传导、经济磨擦和协调机制等内容。
606 0  @a经济@x概论@y世界@x高等学校@j教材
606 0  @a经济
606 0  @a概论
606 0  @a经济@x世界
606 0  @a国际经济关系
690    @aG112@v4
690    @aF112@v3
701  0 @a徐松@AXu Song@4主编
801  0 @aCN@bTAOJIN@c20070522
905    @a10447@dF112@e115
    
    世界经济概论/徐松主编.-北京:机械工业出版社,2007
    365页;24cm
    “十一五”高等院校国际经济与贸易专业规划教材
    
    ISBN 7-111-20481-6:CNY29.50
    本书对国际分工、国际贸易、国际金融、经济一体化和资本流动等进行了探讨,分析了国际经济中的经济传导、经济磨擦和协调机制等内容。
●
相关链接 在E读中查询图书 在五车中查询图书 在当当中查询图书 在豆瓣中查询图书


正题名:世界经济概论     索取号:F112/115         预约/预借

序号 登录号 条形码 馆藏地/架位号 状态 备注
1 0521409   205214098   第一样本阅览室/ [索取号:F112/115] 在馆    
2 0521410   205214105   第一借阅区/ [索取号:F112/115] 在馆    
3 0521411   205214114   第一借阅区/ [索取号:F112/115] 在馆    
唐山师范学院图书馆 欢迎您!
大连网信软件有限公司© 版权所有